Ship construction,sketches and notes / (Record no. 2354)

000 -LEADER
fixed length control field 00408nam a22001577a 4500
008 - FIXED-LENGTH DATA ELEMENTS--GENERAL INFORMATION
fixed length control field 200225b ||||| |||| 00| 0 eng d
082 00 - DEWEY DECIMAL CLASSIFICATION NUMBER
Classification number 623.82
Item number K321
100 ## - MAIN ENTRY--PERSONAL NAME
9 (RLIN) 1932
Personal name Kemp
245 10 - TITLE STATEMENT
Title Ship construction,sketches and notes /
250 ## - EDITION STATEMENT
Edition statement 2nd ed.
260 ## - PUBLICATION, DISTRIBUTION, ETC. (IMPRINT)
Place of publication, distribution, etc London
Name of publisher, distributor, etc Stanford Maritime
Date of publication, distribution, etc 1973
300 ## - PHYSICAL DESCRIPTION
Extent 135 p.
650 #0 - SUBJECT ADDED ENTRY--TOPICAL TERM
Topical term or geographic name as entry element Shipbuilding
700 ## - ADDED ENTRY--PERSONAL NAME
9 (RLIN) 1933
Personal name Young
942 ## - ADDED ENTRY ELEMENTS (KOHA)
Item type Books
Holdings
Withdrawn status Lost status Source of classification or shelving scheme Damaged status Not for loan Permanent location Current location Date acquired Full call number Barcode Date last seen Koha item type Source of acquisition
          IMU Kolkata IMU Kolkata 2020-02-25 623.82 K321 04645 2020-02-25 Books  
          IMU Kolkata IMU Kolkata 2020-07-03 623.82 K321 06906 2020-07-03 Books  
          IMU Kolkata IMU Kolkata 2020-07-03 623.82 K321 06907 2020-07-03 Books  
          IMU Kolkata IMU Kolkata 2023-09-02 623.82 K321 G01248 2023-09-27 Books Donated by Sharad Gupta (Roll No.4271)
Designed and Maintained by IMU-KC Library, Kolkata Campus © Copyright All Rights Reserved

webs counters

Powered by Koha